000 00646nam a2200181Ia 4500
005 20260429112242.0
008 260429s9999||||xx |||||||||||||| ||und||
020 _a9788126720927
041 _aHindi
082 _a928
_bANU
100 _aअनुराधा, आर
245 0 _aपत्रकारिता के महानायक सुरेंद्र प्रताप सिंह :
_bसंचयन /
_cआर अनुराधा
250 _a1st ed.
260 _aनई दिल्ली :
_bराजकमल प्रकाशन,
_c2011.
300 _a459 p.; Hb
650 _aHindi Literature
942 _cTB
999 _c53131
_d53131